| 000 | 00813nmc a2200301 a 4500 | ||
|---|---|---|---|
| 003 | AR-Y00000XR | ||
| 005 | 20251128211958.0 | ||
| 008 | 137020s2005 ||||||||||||||000 | spa|| | ||
| 020 | _a950-557-654-4 | ||
| 040 | _cAR-Y00000XR | ||
| 100 | 1 | _aCalvet, Louis-Jean | |
| 245 | 1 | 0 |
_aLingüística y colonialismo _bbreve tratado de glotofagia |
| 250 | _a1ª ed. | ||
| 260 |
_aBuenos Aires _bFCE _c2005 |
||
| 300 | 0 | _a294 p. | |
| 490 | 0 | _aSección de obras de lengua y estudios literarios | |
| 650 | 4 | _aSOCIOLINGUISTICA | |
| 650 | 4 | _aCOLONIALISMO | |
| 650 | 4 | _aNEOCOLONIALISMO | |
| 650 | 4 | _aIMPERIALISMO | |
| 650 | 4 | _aOPRESION | |
| 650 | 4 | _aLENGUAS | |
| 650 | 4 | _aSOCIOLOGIA POLITICA | |
| 650 | 4 | _aCOMUNIDAD LINGUISTICA | |
| 653 | 0 | _aFILOSOFIA DEL LENGUAJE | |
| 942 | _cBK | ||
| 998 | _cme-solo cat | ||
| 999 |
_c21890 _d21890 |
||